000
00268nam a2200097Ia 4500
001
1160761
005
20250827011613.0
008
250824s9999 xx 000 0 und d
245
0
_a
İPEK SABAHLIK BİR SUAT DERVİŞ ROMANI
_c
OSMAN BALCIGİL
260
_b
DESTEK YAYINLARI
999
_c
1160761
_d
1160761